Statistiche per Paesi più vicini a Taiwan

Clicka qui per fare il quiz!

Statistiche generali

  • Questo quiz è stato fatto 42 volte
  • Il punteggio medio è 17 su 20

Statistiche sulle risposte

kmnazione% Corretto
4Cina
97%
156Filippine
97%
2033Indonesia
97%
107Giappone
94%
1774Birmania
91%
990Corea del Sud
91%
1444Laos
91%
1088Vietnam
91%
2115India
88%
1664Malesia
88%
1734Thailandia
88%
1439Corea del Nord
84%
1606Cambogia
81%
2628Bhutan
78%
2195Mongolia
78%
2069Russia
72%
2599Bangladesh
69%
2241Micronesia
69%
2116Palau
69%
1977Brunei
66%

Distribuzione punteggi

Percentile per numero di risposta

Percentuale di utenti per punteggio

I tuoi punteggi nel tempo

Non hai fatto questo quiz